LEADER 04473nam 2200685Ia 450 001 9910463223803321 005 20200520144314.0 010 $a0-8122-0408-5 024 7 $a10.9783/9780812204087 035 $a(CKB)2670000000418264 035 $a(OCoLC)859160946 035 $a(CaPaEBR)ebrary10748546 035 $a(SSID)ssj0001053167 035 $a(PQKBManifestationID)11606609 035 $a(PQKBTitleCode)TC0001053167 035 $a(PQKBWorkID)11084442 035 $a(PQKB)11751297 035 $a(MiAaPQ)EBC3442136 035 $a(MdBmJHUP)muse26102 035 $a(DE-B1597)449414 035 $a(OCoLC)1013940884 035 $a(OCoLC)979578066 035 $a(DE-B1597)9780812204087 035 $a(Au-PeEL)EBL3442136 035 $a(CaPaEBR)ebr10748546 035 $a(CaONFJC)MIL682416 035 $a(EXLCZ)992670000000418264 100 $a20051219d2006 uy 0 101 0 $aeng 135 $aurcn||||||||| 181 $ctxt 182 $cc 183 $acr 200 10$aMetropolitan Philadelphia$b[electronic resource] $eliving with the presence of the past /$fSteven Conn 210 $aPhiladelphia $cUniversity of Pennsylvania Press$dc2006 215 $a1 online resource (285 p.) 225 0 $aMetropolitan portraits 300 $aBibliographic Level Mode of Issuance: Monograph 311 $a1-322-51134-9 311 $a0-8122-1943-0 320 $aIncludes bibliographical references (p. 253-263) and index. 327 $tFrontmatter --$tContents --$tPrologue: The Naked City --$tChapter One. Echoes of William Penn --$tChapter Two. The Ghosts That Haunt Us --$tChapter Three. The Delaware Valley Makes the Middle Class --$tChapter Four. Two Rivers Run Through It --$tChapter Five. In the Mind's Eye: Imagining the Philadelphia Region --$tEpilogue: The Naked City and the Story of Decline --$tNotes --$tIndex --$tAcknowledgments 330 $aAs America's fifth largest city and fourth largest metropolitan region, Philadelphia is tied to its surrounding counties and suburban neighborhoods. It is this vital relationship, suggests Steven Conn, that will make or break greater Philadelphia.The Philadelphia region has witnessed virtually every major political, economic, and social transformation of American life. Having once been an industrial giant, the region is now struggling to fashion a new identity in a postindustrial world. On the one hand, Center City has been transformed into a vibrant hub with its array of restaurants, shops, cultural venues, and restored public spaces. On the other, unchecked suburban sprawl has generated concerns over rising energy costs and loss of agriculture and open spaces. In the final analysis, the region will need a dynamic central city for its future, while the city will also need a healthy sustainable region for its long-term viability.Central to the identity of a twenty-first century Metropolitan Philadelphia, Conn argues, is the deep and complicated interplay of past and present. Looking at the region through the wide lens of its culture and history, Metropolitan Philadelphia moves seamlessly between past and present. Displaying a specialist's knowledge of the area as well as a deep personal connection to his subject, Conn examines the shifting meaning of the region's history, the utopian impulse behind its founding, the role of the region in creating the American middle class, the regional watershed, and the way art and cultural institutions have given shape to a resident identity.Impressionistic and beautifully written, Metropolitan Philadelphia will be of great interest to urbanists and at the same time accessible to the wider public intrigued in the rich history and cultural dynamics of this fascinating region. What emerges from the book is a wide-ranging understanding of what it means to say, "I'm from Philadelphia." 606 $aHuman geography$zPennsylvania$zPhiladelphia Region 606 $aMiddle class$zPennsylvania$zPhiladelphia Region 607 $aPhiladelphia (Pa.)$xCivilization 607 $aPhiladelphia (Pa.)$xSocial conditions 607 $aPhiladelphia (Pa.)$xHistory 608 $aElectronic books. 615 0$aHuman geography 615 0$aMiddle class 676 $a974.8/11 700 $aConn$b Steven$0928703 801 0$bMiAaPQ 801 1$bMiAaPQ 801 2$bMiAaPQ 906 $aBOOK 912 $a9910463223803321 996 $aMetropolitan Philadelphia$92489056 997 $aUNINA LEADER 02674nam0 22005053i 450 001 VAN0237366 005 20231123033903.304 017 70$2N$a9783030155193 100 $a20220113d2020 |0itac50 ba 101 $aeng 102 $aCH 105 $a|||| ||||| 200 1 $aAdaptive Agricultural Practices$eBuilding Resilience in a Changing Climate$fPradeep Kumar Dubey, Gopal Shankar Singh, Purushothaman Chirakkuzhyil Abhilash 210 $aCham$cSpringer$d2020 215 $aXVIII, 132 p.$cill.$d24 cm 410 1$1001VAN0237369$12001 $aSpringerBriefs in Environmental Science$1210 $aCham$cSpringer$d2011- 620 $aCH$dCham$3VANL001889 676 $a632.1$cDanni causati da fattori ambientali. Cambiamenti climatici$v22 676 $a577$cEcologia$v22 676 $a581.7$cEcologia vegetale, piante caratteristiche di specifici ambienti$v22 676 $a338.927$cTecnologia alternativa. Economia ambientale. Sviluppo sostenibile$v22 676 $a630$cAgricoltura e tecnologie connesse$v22 676 $a570$cBiologia - Scienze della vita$v22 700 1$aDubey$bPradeep K.$3VANV194485$01073876 701 1$aAbhilash$bPurushothaman C.$3VANV194491$01073877 701 1$aSingh$bGopal S.$3VANV194488$01073878 712 $aSpringer $3VANV108073$4650 790 1$aDubey, Pradeep Kumar$zDubey, Pradeep K.$3VANV194486 790 1$aDubey, P. K.$zDubey, Pradeep K.$3VANV194487 790 1$aDubey, P.K.$zDubey, Pradeep K.$3VANV201765 790 1$aAbhilash, Purushothaman Chirakkuzhyil$zAbhilash, Purushothaman C.$3VANV194492 790 1$aAbhilash, P. C.$zAbhilash, Purushothaman C.$3VANV194493 790 1$aAbhilash, P.C.$zAbhilash, Purushothaman C.$3VANV201766 790 1$aSingh, Gopal Shankar$zSingh, Gopal S.$3VANV194489 790 1$aSingh, G. S.$zSingh, Gopal S.$3VANV194490 790 1$aSingh, G.S.$zSingh, Gopal S.$3VANV201767 801 $aIT$bSOL$c20240614$gRICA 856 4 $u/sebina/repository/catalogazione/documenti/Adaptive Agricultural Practices.pdf$zAdaptive Agricultural Practices.pdf 856 4 $uhttps://link.springer.com/book/10.1007/978-3-030-15519-3$zE-book - accesso al full - text attraverso riconoscimento IP di Ateneo, proxy e/o Shibboleth 899 $aBIBLIOTECA DEL DIPARTIMENTO DI SCIENZE E TECNOLOGIE AMBIENTALI BIOLOGICHE E FARMACEUTICHE$1IT-CE0101$2VAN17 912 $fN 912 $aVAN0237366 950 $aBIBLIOTECA DEL DIPARTIMENTO DI SCIENZE E TECNOLOGIE AMBIENTALI BIOLOGICHE E FARMACEUTICHE$d17CONS e-book 2223 $e17BIB2223/33 33 20220113 996 $aAdaptive Agricultural Practices$92570124 997 $aUNICAMPANIA LEADER 01301oam 2200421zu 450 001 9911006924203321 005 20210807002027.0 010 $a1-62198-415-X 035 $a(CKB)2670000000525547 035 $a(SSID)ssj0000890062 035 $a(PQKBManifestationID)12440364 035 $a(PQKBTitleCode)TC0000890062 035 $a(PQKBWorkID)10886022 035 $a(PQKB)11398410 035 $a(EXLCZ)992670000000525547 100 $a20160829d2009 uy 101 0 $aeng 181 $ctxt 182 $cc 183 $acr 200 14$aThe essential guide to technical product specification : engineering drawing 210 31$a[Place of publication not identified]$cBSI$d2009 300 $aBibliographic Level Mode of Issuance: Monograph 311 $a0-580-62673-3 606 $aMechanical drawing 606 $aEngineering & Applied Sciences$2HILCC 606 $aTechnology - General$2HILCC 615 0$aMechanical drawing. 615 7$aEngineering & Applied Sciences 615 7$aTechnology - General 676 $a604.2 700 $aSimmons$b C. H$01054320 702 $aPhelps$b Neil 801 0$bPQKB 906 $aBOOK 912 $a9911006924203321 996 $aThe essential guide to technical product specification : engineering drawing$94390900 997 $aUNINA